00342pam a2200121 a 4500020000500000041000500005082001700010100002400027245005000051260006500101300001900166653003500185 c h a005.133bVAR aVaralakshmi, Pvn . aProjects Using C / cNULL.hTextual Documents aChennai : bScitech Publications (India) Pvt. Ltd. , c2001. a258 ; c24*18. aProgramming Languages (A To Z)